00219nam a2200097Ia 4500008004100000082001400041100002300055245002700078260000600105300001000111190415s9999 xx 000 0 und d aRI.0032:9 aKarlekar, Malavika 0aBalmiki women in India c0 a130p.